[Event "10. Bayer Open"]
[Site "?"]
[Date "2012.03.07"]
[Round "5"]
[White "Teuber, Alfons"]
[Black "Neumann, Thomas"]
[Result "0-1"]
[WhiteElo "1061"]
[BlackElo "1702"]
[PlyCount "78"]
[EventDate "2012.??.??"]
[SourceDate "2012.01.12"]
[TimeControl "900"]

{818MB, Fritz8.ctg} 1. e4 c5 2. Bc4 Nc6 3. Nc3 Nf6 4. d3 e6 5. Nf3 d5 6. exd5
exd5 7. Bb5 Bd7 8. O-O Be7 9. Re1 O-O 10. h3 a6 11. Ba4 b5 12. Nxb5 axb5 13.
Bxb5 Re8 14. a4 Qc7 15. b3 Bd6 16. Kf1 Nh5 17. c4 d4 18. Ba3 Rxe1+ 19. Kxe1 Nf4
20. Kf1 Re8 21. Ra2 Bf5 22. Rd2 Re7 23. Ng5 Ne5 24. Ne4 Nexd3 25. Nxd6 Qxd6 26.
a5 Qe6 27. Kg1 Qg6 28. Qf3 Re1+ 29. Kh2 Be4 30. Qg4 Qxg4 31. hxg4 Ra1 32. f3
Bxf3 33. gxf3 Rxa3 34. a6 Nb4 35. Kg3 Ne6 36. f4 Rxb3+ 37. Kh4 Ra3 38. f5 g5+
39. Kh5 Rh3# 0-1

[Event "10. Bayer Open"]
[Site "?"]
[Date "2012.03.07"]
[Round "5"]
[White "Hümer, Dominik"]
[Black "Longerich, Hans-Peter"]
[Result "1-0"]
[WhiteElo "1477"]
[BlackElo "1320"]
[PlyCount "43"]
[EventDate "2012.??.??"]
[SourceDate "2012.01.12"]

1. d4 Nf6 2. Nf3 g6 3. c4 Bg7 4. Nc3 d6 5. e4 O-O 6. Be2 e5 7. d5 a5 8. Be3 Na6
9. Nd2 Qe8 10. O-O Bd7 11. a3 h5 12. f3 Nh7 13. Rb1 f5 14. b4 f4 15. Bf2 Bf6
16. Qc2 a4 17. c5 g5 18. c6 bxc6 19. dxc6 Bxc6 20. b5 Nb8 21. bxc6 Nxc6 22. Bb5
1-0

[Event "10. Bayer Open"]
[Site "?"]
[Date "2012.03.07"]
[Round "5"]
[White "Ramien, David"]
[Black "Barche, Uwe"]
[Result "1-0"]
[WhiteElo "1450"]
[BlackElo "1061"]
[PlyCount "59"]
[EventDate "2012.??.??"]
[SourceDate "2012.01.12"]

1. e4 e6 2. Nc3 d5 3. Nf3 c5 4. exd5 exd5 5. d4 Nf6 6. Bg5 cxd4 7. Nxd4 Be7 8.
Be2 Nbd7 9. Nf5 O-O 10. Nxe7+ Qxe7 11. Nxd5 Qe5 12. Nxf6+ Nxf6 13. Bxf6 Qxf6
14. c3 Re8 15. O-O b6 16. Bf3 Rb8 17. Re1 Ba6 18. Qc2 Re5 19. Rxe5 Qxe5 20. Qe4
Qg5 21. Re1 g6 22. Qe5 Qxe5 23. Rxe5 b5 24. Re7 Rd8 25. Rxa7 Rd2 26. Rxa6 Rxb2
27. g3 Rc2 28. Ra7 f6 29. Bd5+ Kf8 30. Rxh7 1-0

[Event "10. Bayer Open"]
[Site "?"]
[Date "2012.03.07"]
[Round "5"]
[White "Yon, Gregory"]
[Black "Neuber, Max"]
[Result "1-0"]
[WhiteElo "1447"]
[BlackElo "812"]
[PlyCount "41"]
[EventDate "2012.??.??"]
[SourceDate "2012.01.12"]

1. c4 e5 2. Nc3 Nc6 3. d3 Bb4 4. g3 d6 5. Bg2 Bd7 6. Nf3 Qf6 7. Bd2 Qe6 8. O-O
O-O-O 9. a3 Bxc3 10. Bxc3 f5 11. b4 Nce7 12. a4 c6 13. Qc1 h6 14. a5 c5 15. e3
d5 16. Bxe5 Qf7 17. Bd6 dxc4 18. Bxc5 Bb5 19. d4 Kc7 20. Bxa7 Nc6 21. Bb6+ 1-0

[Event "10. Bayer Open"]
[Site "?"]
[Date "2012.03.07"]
[Round "5"]
[White "Wilde, Christian"]
[Black "Seelig, Jochen"]
[Result "0-1"]
[WhiteElo "1026"]
[BlackElo "1426"]
[PlyCount "92"]
[EventDate "2012.??.??"]
[SourceDate "2012.01.12"]
[TimeControl "360"]

{319MB, Fritz10.ctg} 1. c4 b6 2. Nf3 Bb7 3. g3 g5 4. g4 h5 5. Rg1 hxg4 6. Rxg4
Bxf3 7. exf3 e6 8. d4 Be7 9. h3 f5 10. Rg1 Bb4+ 11. Nc3 Bxc3+ 12. bxc3 f4 13.
Qc2 Qf6 14. Qe4 Nc6 15. Bb2 Rc8 16. O-O-O Nge7 17. d5 Nd8 18. dxe6 Nxe6 19. Qe1
Nf5 20. Bd3 d6 21. Bxf5 Qxf5 22. Rd5 Qxh3 23. Rdxg5 Kd7 24. Rg7+ Kd8 25. Qe4
Nxg7 26. Rxg7 Re8 27. Qxf4 Qf1+ 28. Kc2 Qxf2+ 29. Kb3 Qe2 30. Qf6+ Re7 31. Rg8+
Kd7 32. f4 Rxg8 33. Qf5+ Kd8 34. Qf6 Rge8 35. Ba3 Qe6 36. Qg5 b5 37. Qxb5 Qc8
38. c5 c6 39. Qa5+ Qc7 40. Qxc7+ Rxc7 41. cxd6 Rd7 42. c4 Re3+ 43. Ka4 Rxa3+
44. Kxa3 Rxd6 45. Kb4 Kc7 46. Kc5 Rf6 0-1

[Event "10. Bayer Open"]
[Site "?"]
[Date "2012.03.07"]
[Round "5"]
[White "Kuhnert, Klaus"]
[Black "Weber, Jakob Martin"]
[Result "0-1"]
[WhiteElo "1450"]
[BlackElo "1195"]
[PlyCount "52"]
[EventDate "2012.??.??"]
[SourceDate "2012.01.12"]

1. e4 e5 2. Bc4 Nf6 3. Nc3 Nxe4 4. Qe2 Nxc3 5. dxc3 Nc6 6. Be3 Be7 7. Nf3 O-O
8. h4 d6 9. O-O-O Bg4 10. Bd5 Bxh4 11. Qd3 Bxf3 12. Bxf3 h6 13. g3 Bg5 14. Kb1
Bxe3 15. Qxe3 a6 16. Rh4 Rb8 17. Rg4 Qf6 18. Bd5 Ne7 19. Be4 Nf5 20. Bxf5 Qxf5
21. f3 Rfe8 22. Qxh6 Qxg4 23. Qh2 Qxf3 24. Rh1 f6 25. Qh4 Kf7 26. g4 Rh8 0-1

[Event "10. Bayer Open"]
[Site "?"]
[Date "2012.03.07"]
[Round "5"]
[White "Khananyev, Shalmi"]
[Black "Engels, Immanuel"]
[Result "0-1"]
[WhiteElo "1183"]
[BlackElo "1528"]
[PlyCount "96"]
[EventDate "2012.??.??"]
[SourceDate "2012.01.12"]

1. e4 d5 2. exd5 Nf6 3. d4 Nxd5 4. h3 c6 5. Bd2 Bf5 6. Nc3 e6 7. a3 Bd6 8. Nf3
O-O 9. Bc4 Nd7 10. Nxd5 exd5 11. Be2 Re8 12. O-O Bxc2 13. Qxc2 Rxe2 14. Rae1
Rxe1 15. Rxe1 Qb6 16. b4 Qc7 17. Re2 a5 18. bxa5 Bxa3 19. Re1 Nf6 20. Rf1 Ne4
21. Be1 Qe7 22. Qb1 h6 23. Nh2 Nd6 24. Bb4 Bxb4 25. Qxb4 Qc7 26. Ra1 Nc4 27.
Re1 Nxa5 28. Re7 Qc8 29. g4 b5 30. Nf3 Nc4 31. Ne5 Nxe5 32. Rxe5 Ra4 33. Qb2
Qf8 34. Qc3 Rc4 35. Qe3 Qb4 36. Re8+ Kh7 37. Rc8 Qb1+ 38. Kg2 Qe4+ 39. Qxe4+
dxe4 40. Rc7 Kg6 41. f4 exf3+ 42. Kxf3 Rxd4 43. Rxc6+ f6 44. Ke3 Rb4 45. Rc3
Rb1 46. Kd4 b4 47. Rd3 b3 48. Kc3 Kg5 0-1

[Event "10. Bayer Open"]
[Site "?"]
[Date "2012.03.07"]
[Round "5"]
[White "Azimi, Reza"]
[Black "Rodewald, Horst"]
[Result "1-0"]
[WhiteElo "1410"]
[BlackElo "1309"]
[PlyCount "117"]
[EventDate "2012.??.??"]
[SourceDate "2012.01.12"]

1. e4 e5 2. Nf3 d6 3. Bc4 Be7 4. d4 Nd7 5. dxe5 dxe5 6. Qd5 Nh6 7. Bxh6 Bb4+ 8.
c3 Qe7 9. Be3 Bd6 10. Bg5 f6 11. Bh4 Nb6 12. Qd3 a6 13. Bb3 Nd7 14. Nbd2 Nc5
15. Qe2 Bd7 16. Nc4 Bb5 17. Nxd6+ cxd6 18. Bc4 Ne6 19. Bxb5+ axb5 20. Qxb5+ Kf7
21. Qb3 Kg6 22. Bg3 Nc5 23. Qc2 Rhc8 24. Nh4+ Kf7 25. O-O g6 26. a3 Ne6 27. f4
Nd4 28. Qf2 Nb3 29. Rad1 Ra5 30. fxe5 dxe5 31. Qb6 Qc5+ 32. Bf2 Qxb6 33. Bxb6
Ra4 34. Rde1 Rc6 35. Bf2 Nd2 36. Nf3 Nxf3+ 37. gxf3 g5 38. h3 h6 39. Rd1 b5 40.
Rd5 b4 41. axb4 Ra2 42. Rb1 Ke6 43. Ra5 Rxb2 44. Rxb2 Rxc3 45. Kg2 h5 46. Rc5
Rd3 47. Ra2 g4 48. hxg4 hxg4 49. fxg4 Kf7 50. b5 Kg6 51. Ra6 Kg5 52. Rcc6 Kf4
53. Rxf6+ Kxe4 54. g5 Rb3 55. b6 Kd3 56. g6 e4 57. g7 e3 58. Bxe3 Kxe3 59. Rf3+
1-0

[Event "10. Bayer Open"]
[Site "?"]
[Date "2012.03.21"]
[Round "6"]
[White "Khanukov, Boris"]
[Black "Rotstein, Jefim"]
[Result "1/2-1/2"]
[WhiteElo "2236"]
[BlackElo "2291"]
[PlyCount "36"]
[EventDate "2012.??.??"]
[SourceDate "2012.01.12"]

1. d4 Nf6 2. c4 e6 3. Nf3 d5 4. g3 Be7 5. Qc2 dxc4 6. Qxc4 a6 7. Bf4 Nd5 8. Nc3
Nxf4 9. gxf4 Nc6 10. Bg2 O-O 11. Rc1 Nb4 12. e3 c6 13. O-O Qb6 14. Rfd1 Nd5 15.
Na4 Qb5 16. Qc2 Nb4 17. Qb3 Nd5 18. Qc2 Nb4 1/2-1/2

[Event "10. Bayer Open"]
[Site "?"]
[Date "2012.03.21"]
[Round "6"]
[White "Ivic, Roman"]
[Black "Wolfradt, Dirk"]
[Result "1/2-1/2"]
[WhiteElo "2020"]
[BlackElo "2067"]
[PlyCount "24"]
[EventDate "2012.??.??"]
[SourceDate "2012.01.12"]

1. d4 e6 2. Nf3 Nf6 3. g3 b6 4. Bg2 Bb7 5. O-O Be7 6. c4 O-O 7. Nc3 Ne4 8. Qd3
f5 9. h4 Nxc3 10. Qxc3 Bf6 11. Bg5 Qe7 12. e3 d6 1/2-1/2

[Event "10. Bayer Open"]
[Site "?"]
[Date "2012.03.21"]
[Round "6"]
[White "Peschel, Andreas"]
[Black "Auer, Martin"]
[Result "0-1"]
[WhiteElo "2163"]
[BlackElo "2214"]
[PlyCount "99"]
[EventDate "2012.??.??"]
[SourceDate "2012.01.12"]

1. Nf3 Nf6 2. d4 g6 3. c4 Bg7 4. Nc3 O-O 5. g3 d6 6. Bg2 Nc6 7. O-O a6 8. Qd2
Rb8 9. b3 e6 10. Bb2 b5 11. cxb5 axb5 12. Rfc1 Ne7 13. b4 Bb7 14. Qd3 Nfd5 15.
a3 Nxc3 16. Qxc3 Rc8 17. Qd3 Qd7 18. Rc2 Bd5 19. Nd2 f5 20. Rac1 f4 21. Bxd5
exd5 22. Nb3 Bh6 23. Re1 Rf7 24. Bc1 Rcf8 25. e4 fxg3 26. hxg3 Rf3 27. Qf1 Bxc1
28. Nxc1 Rxg3+ 29. fxg3 Rxf1+ 30. Kxf1 dxe4 31. Kg2 Qg4 32. Rf2 Nd5 33. Ne2 g5
34. Kh1 e3 35. Rh2 Qe4+ 36. Kg1 Nf6 37. Rf1 Ng4 38. Rc1 c6 39. Rc3 Qb1+ 40. Rc1
Qd3 41. Kf1 Qxa3 42. Rxc6 Qxb4 43. d5 Qb1+ 44. Nc1 Qf5+ 45. Ke1 Qxd5 46. Rc7
Qh1+ 47. Ke2 Qf3+ 48. Ke1 Qxg3+ 49. Ke2 Qf3+ 50. Ke1 0-1

[Event "10. Bayer Open"]
[Site "?"]
[Date "2012.03.21"]
[Round "6"]
[White "Ljuboschiz, Alexander"]
[Black "Negele, Michael"]
[Result "1/2-1/2"]
[WhiteElo "1992"]
[BlackElo "2134"]
[PlyCount "25"]
[EventDate "2012.??.??"]
[SourceDate "2012.01.12"]

1. e4 e5 2. Nf3 Nc6 3. Bc4 Nf6 4. d3 Be7 5. O-O d6 6. Re1 Bg4 7. c3 O-O 8. a3
Be6 9. Nbd2 Nd7 10. d4 Bxc4 11. Nxc4 Bf6 12. dxe5 Ndxe5 13. Nfxe5 1/2-1/2

[Event "10. Bayer Open"]
[Site "?"]
[Date "2012.03.17"]
[Round "6"]
[White "Lemanczyk, Thomas"]
[Black "Jiritschka, Wolfgang"]
[Result "1-0"]
[WhiteElo "2245"]
[BlackElo "1860"]
[PlyCount "87"]
[EventDate "2012.??.??"]
[SourceDate "2012.01.12"]

1. Nf3 c5 2. c4 Nf6 3. Nc3 Nc6 4. e3 e6 5. d4 cxd4 6. exd4 d5 7. cxd5 exd5 8.
Bb5 Qb6 9. Ne5 Bb4 10. Qa4 Bxc3+ 11. bxc3 Bd7 12. Nxd7 Kxd7 13. Bd3 Rhe8+ 14.
Be3 Ne4 15. Rb1 Qc7 16. Qb3 Kc8 17. O-O Qd7 18. f3 Nxc3 19. Bf5 Qxf5 20. Qxb7+
Kd8 21. Qxa8+ Qc8 22. Qxc8+ Kxc8 23. Rbe1 Nxa2 24. Kf2 Nab4 25. Rd1 Kd7 26. Rd2
Na5 27. Ra1 Nbc6 28. Rd3 Rb8 29. g4 Nc4 30. Bc1 a5 31. h4 g6 32. Kg3 f6 33. Ba3
Nxa3 34. Rdxa3 Rb4 35. Rxa5 Nxa5 36. Rxa5 Kc6 37. Ra6+ Rb6 38. Ra7 Rb7 39. Rxb7
Kxb7 40. Kf4 Kb6 41. g5 fxg5+ 42. hxg5 Kb5 43. Ke5 Kc4 44. f4 1-0

[Event "10. Bayer Open"]
[Site "?"]
[Date "2012.03.21"]
[Round "6"]
[White "Keller, Karsten"]
[Black "Blomeyer, Peter"]
[Result "1-0"]
[WhiteElo "2127"]
[BlackElo "1769"]
[PlyCount "55"]
[EventDate "2012.??.??"]
[SourceDate "2012.01.12"]

1. Nf3 d6 2. d4 Nf6 3. c4 Nbd7 4. Nc3 e5 5. e4 Be7 6. Be2 O-O 7. O-O Re8 8. Re1
c6 9. Bf1 Bf8 10. Rb1 g6 11. b4 Bg7 12. d5 Qc7 13. dxc6 bxc6 14. b5 Bb7 15. Ba3
c5 16. Rb3 Nf8 17. Nd5 Qd8 18. Nxf6+ Bxf6 19. Rd3 Qa5 20. Rxd6 Qxa3 21. Rxf6
Qxa2 22. Ng5 Re7 23. Qf3 Qd2 24. Re3 Qd7 25. Rd3 Qc7 26. Qh3 Rd8 27. Rdf3 Rd2
28. Qh6 1-0

[Event "10. Bayer Open"]
[Site "?"]
[Date "2012.03.21"]
[Round "6"]
[White "Kappelt, Jörg"]
[Black "Vranidis, Georgius"]
[Result "1-0"]
[WhiteElo "2149"]
[BlackElo "1814"]
[PlyCount "109"]
[EventDate "2012.??.??"]
[SourceDate "2012.01.12"]

1. e4 c5 2. Nc3 d6 3. f4 Nc6 4. Nf3 Nf6 5. Bc4 Bg4 6. h3 Bxf3 7. Qxf3 g6 8. e5
dxe5 9. Bb5 Qc7 10. d3 Bg7 11. Bxc6+ Qxc6 12. Qxc6+ bxc6 13. fxe5 Nd5 14. Nxd5
cxd5 15. Bf4 e6 16. c4 Rd8 17. O-O-O O-O 18. Rhe1 Rd7 19. Kc2 Rb8 20. Re2 Bf8
21. g4 Rbd8 22. Red2 Rc8 23. h4 Be7 24. h5 Bd8 25. Be3 a5 26. b3 Rc6 27. Re2
Bc7 28. Bh6 dxc4 29. dxc4 Rxd1 30. Kxd1 Bb8 31. Bg5 Rc8 32. Bf6 Kf8 33. Kc2 Ke8
34. hxg6 hxg6 35. Rd2 Bc7 36. Kb2 Rb8 37. Ka3 Rb7 38. g5 Rb8 39. Rd3 Rb4 40.
Rh3 Rb8 41. Rh7 Bd8 42. Rh8+ Kd7 43. Rxd8+ Rxd8 44. Bxd8 Kxd8 45. Kb2 Kd7 46.
Kc3 Kd8 47. a3 Kd7 48. b4 cxb4+ 49. axb4 a4 50. b5 f5 51. exf6 e5 52. f7 Ke7
53. b6 a3 54. b7 a2 55. Kb2 1-0

[Event "10. Bayer Open"]
[Site "?"]
[Date "2012.03.21"]
[Round "6"]
[White "Pick, Stefan"]
[Black "Sockel, Karl-Heinz"]
[Result "1-0"]
[WhiteElo "2113"]
[BlackElo "1974"]
[PlyCount "57"]
[EventDate "2012.??.??"]
[SourceDate "2012.01.12"]

1. d4 g6 2. e4 Bg7 3. Nf3 c6 4. Nc3 d6 5. h3 h6 6. a4 Nf6 7. Bc4 d5 8. Bd3 dxe4
9. Nxe4 Nbd7 10. c3 O-O 11. O-O Qc7 12. Qb3 Nd5 13. Re1 e6 {
Schwarz bietet remis an} 14. c4 N5f6 15. Bd2 Qb6 16. Qc2 c5 17. dxc5 Nxc5 18.
Nxf6+ Bxf6 19. Bxg6 Qxb2 20. Bxf7+ Rxf7 21. Qg6+ Rg7 22. Qh5 Nd3 23. Rf1 Bd4
24. Bxh6 Bxf2+ 25. Kh1 Rg3 26. Ng5 Rxg5 27. Qxg5+ Kh7 {Schwarz bietet remis an}
28. Qh5 Kg8 29. Qg6+ 1-0

[Event "10. Bayer Open"]
[Site "?"]
[Date "2012.03.21"]
[Round "6"]
[White "Blumenthal, Ralf"]
[Black "Eulering, Georg"]
[Result "0-1"]
[WhiteElo "1824"]
[BlackElo "2064"]
[PlyCount "60"]
[EventDate "2012.??.??"]
[SourceDate "2012.01.12"]

1. c4 e5 2. Nc3 Nf6 3. g3 c6 4. d4 exd4 5. Qxd4 d5 6. Bg5 Be7 7. Bg2 dxc4 8.
Qxc4 O-O 9. Nf3 Be6 10. Qd4 Qa5 11. O-O h6 12. Bd2 Rd8 13. Qf4 g5 14. Ne4 Nxe4
15. Bxa5 gxf4 16. Bxd8 Bxd8 17. gxf4 Na6 18. Rfd1 Bb6 19. e3 Nac5 20. Nd4 Bd5
21. Nf5 Re8 22. Nxh6+ Kh7 23. Nf5 Re6 24. Ng3 Rg6 25. b4 Na4 26. Bxe4 Bxe4 27.
Rd7 Kg8 28. Rxb7 Nc3 29. Kf1 Bd3+ 30. Ke1 Nd5 {Restliche Notation unklar.} 0-1

[Event "10. Bayer Open"]
[Site "?"]
[Date "2012.03.21"]
[Round "6"]
[White "Block, Wolfgang"]
[Black "Gnass, Arno"]
[Result "1-0"]
[WhiteElo "2089"]
[BlackElo "1847"]
[PlyCount "119"]
[EventDate "2012.??.??"]
[SourceDate "2012.01.12"]

1. d4 Nf6 2. c4 g6 3. Nc3 d5 4. cxd5 Nxd5 5. e4 Nxc3 6. bxc3 Bg7 7. Be3 O-O 8.
Qd2 c5 9. Rc1 cxd4 10. cxd4 Nc6 11. d5 Na5 12. Nf3 b6 13. Be2 Bb7 14. Nd4 Rc8
15. O-O Qd7 16. Bb5 Qd6 17. Bf4 Qa3 18. Nc6 a6 19. Nxa5 bxa5 20. Bc6 Ba8 21.
Bxa8 Rxa8 22. Rc6 Qb4 23. Qc2 Qb2 24. Rb1 Qxc2 25. Rxc2 h6 26. h4 f6 27. Rb7 g5
28. Bd2 Rfc8 29. Rcb2 f5 30. Rb1 Rc2 31. Bxa5 fxe4 32. Rxe7 Bd4 33. Be1 Rf8 34.
Rxe4 Bxf2+ 35. Bxf2 Rfxf2 36. Rg4 Rfd2 37. Rb6 Rxd5 38. Rxh6 Rxa2 39. Rg6+ Kf7
40. R6xg5 Rd1+ 41. Kh2 Rf1 42. Rg7+ Kf8 43. Rg8+ Kf7 44. R4g7+ Kf6 45. Rf8+
Kxg7 46. Rxf1 a5 47. Rf5 a4 48. Ra5 a3 49. Kg3 Ra1 50. Kg4 a2 51. Kg5 Kf7 52.
h5 Ke6 53. Kg6 Rf1 54. Rxa2 Rf6+ 55. Kg5 Rf5+ 56. Kg4 Rf8 57. Re2+ Kd7 58. Kh4
Rf4+ 59. g4 Rf1 60. Kg5 1-0

[Event "10. Bayer Open"]
[Site "?"]
[Date "2012.03.21"]
[Round "6"]
[White "Ziabari, Morteza"]
[Black "Pützkaul, Karl"]
[Result "1/2-1/2"]
[WhiteElo "1791"]
[BlackElo "1778"]
[PlyCount "62"]
[EventDate "2012.??.??"]
[SourceDate "2012.01.12"]

1. e4 c6 2. d4 d5 3. Nc3 dxe4 4. Nxe4 Nf6 5. Ng3 e5 6. dxe5 Qxd1+ 7. Kxd1 Ng4
8. Ke1 Nxe5 9. f4 Ng4 10. h3 Nf6 11. Nf3 Bc5 12. a3 O-O 13. b4 Re8+ 14. Be2 Bb6
15. c4 Ne4 16. Nxe4 Rxe4 17. c5 Bc7 18. g3 a5 19. Nd2 Re8 20. Rb1 axb4 21. axb4
Bf5 22. Rb3 Be6 23. Rb2 Bd5 24. Rg1 Nd7 25. Kf2 Nf6 26. Bf3 h5 27. Bxd5 Nxd5
28. Nf3 Nc3 29. Bd2 Ne4+ 30. Kg2 Nxd2 31. Rxd2 Re7 1/2-1/2

[Event "10. Bayer Open"]
[Site "?"]
[Date "2012.03.21"]
[Round "6"]
[White "Friedsam, Manfred"]
[Black "Janssen, Wolfgang"]
[Result "1-0"]
[WhiteElo "1828"]
[BlackElo "1670"]
[PlyCount "71"]
[EventDate "2012.??.??"]
[SourceDate "2012.01.12"]

1. e4 e6 2. d4 d5 3. Nc3 Nf6 4. Bg5 Bb4 5. e5 h6 6. Bd2 Bxc3 7. bxc3 Ne4 8. Qg4
Nxd2 9. Qxg7 Rf8 10. Kxd2 Qg5+ 11. Qxg5 hxg5 12. Bd3 Nc6 13. Nh3 g4 14. Nf4 Bd7
15. Nh5 O-O-O 16. Nf6 Ne7 17. Nxg4 Ng8 18. h4 f5 19. exf6 Nxf6 20. Nxf6 Rxf6
21. f3 Rg8 22. Rag1 Rg3 23. h5 Rh6 24. Bg6 b6 25. Ke3 Ba4 26. Kf4 Rgxg6 27.
hxg6 Rxg6 28. g4 Bxc2 29. Rh2 Bd3 30. Ke3 Bf5 31. Re1 Bxg4 32. fxg4 Rxg4 33.
Kf3 Rg6 34. Rh7 Rf6+ 35. Ke3 Rg6 36. Kd2 1-0

[Event "10. Bayer Open"]
[Site "?"]
[Date "2012.03.21"]
[Round "6"]
[White "Maczkowiak, Thomas"]
[Black "Scharff, Klaus"]
[Result "1-0"]
[WhiteElo "1833"]
[BlackElo "1885"]
[PlyCount "81"]
[EventDate "2012.??.??"]
[SourceDate "2012.01.12"]

1. Nf3 Nf6 2. g3 g6 3. Bg2 Bg7 4. O-O d6 5. c4 e5 6. d4 exd4 7. Nxd4 O-O 8. Nc3
Nbd7 9. b3 a6 10. Bb2 Rb8 11. Qd2 Nc5 12. b4 Ne6 13. Nd5 c6 14. Nxf6+ Bxf6 15.
Nxe6 fxe6 16. Bxf6 Rxf6 17. Rad1 d5 18. Qc3 Qf8 19. e4 dxe4 20. Bxe4 e5 21.
Qxe5 Bh3 22. Bg2 Bxg2 23. Kxg2 Re8 24. Qd4 Qf7 25. Rfe1 Rf8 26. Re2 h5 27. Rdd2
g5 28. Qc5 Rg6 29. Qe7 Qf3+ 30. Kg1 Rgf6 31. Rd7 R8f7 32. Rd8+ Kg7 33. Qe5 g4
34. Qg5+ Rg6 35. Rg8+ Kxg8 36. Qxg6+ Kf8 37. Qh6+ Rg7 38. Qh8+ Rg8 39. Qe5 Rg6
40. Qe8+ Kg7 41. Re7+ 1-0

[Event "10. Bayer Open"]
[Site "?"]
[Date "2012.03.21"]
[Round "6"]
[White "Wirtz, Uwe"]
[Black "Rist, Kurt"]
[Result "1-0"]
[WhiteElo "1780"]
[BlackElo "1511"]
[PlyCount "107"]
[EventDate "2012.??.??"]
[SourceDate "2012.01.12"]
[TimeControl "600"]

{317MB, Book.ctg, TMDPC3538} 1. e4 c5 2. c3 g6 3. d4 Qc7 4. Nf3 Nf6 5. e5 Nd5
6. Bc4 Nb6 7. Bb3 c4 8. Bc2 Bg7 9. O-O Nc6 10. Qe2 O-O 11. a4 a5 12. Na3 Na7
13. Nd2 d5 14. exd6 exd6 15. Naxc4 Nd5 16. Qf3 Be6 17. Be4 Nf6 18. Ne3 Nc6 19.
Bd3 Rac8 20. Ne4 Nxe4 21. Bxe4 f5 22. Bd5 Bxd5 23. Nxd5 Qf7 24. Re1 h6 25. h4
Kh7 26. Bd2 Rfe8 27. Nb6 Rcd8 28. Qd5 Qc7 29. Nc4 Re4 30. Rxe4 fxe4 31. Ne3 Re8
32. Re1 Qd7 33. Nc4 Bf8 34. Rxe4 Rxe4 35. Qxe4 d5 36. Ne5 Qe6 37. Qf4 Kg8 38.
Qg4 Qxg4 39. Nxg4 Be7 40. Nxh6+ Kg7 41. Bg5 Bd6 42. Ng4 Kf7 43. f4 Ke6 44. Kf2
Kf5 45. Kf3 b6 46. Ne5 Nxe5+ 47. fxe5 Bc7 48. g4+ Ke6 49. Kf4 Kf7 50. Bf6 Kg8
51. Kg5 Kf7 52. h5 gxh5 53. gxh5 Bb8 54. h6 1-0

[Event "10. Bayer Open"]
[Site "?"]
[Date "2012.03.21"]
[Round "6"]
[White "Vranidis, Athanassios"]
[Black "Bosbach, Jens"]
[Result "0-1"]
[WhiteElo "1720"]
[BlackElo "1769"]
[PlyCount "102"]
[EventDate "2012.??.??"]
[SourceDate "2012.01.12"]

1. d4 Nf6 2. c4 e6 3. Nc3 d5 4. cxd5 exd5 5. Bg5 Be7 6. e3 c6 7. Bd3 O-O 8. Qc2
h6 9. Bh4 Nbd7 10. Nf3 Re8 11. O-O Nf8 12. Rae1 Be6 13. Bf5 Bxf5 14. Qxf5 Ng6
15. Bg3 Bb4 16. Ne5 Nxe5 17. Bxe5 Re6 18. f3 Qa5 19. Qc2 Nd7 20. f4 f6 21. f5
Re7 22. Bf4 Rae8 23. a3 Bxc3 24. Qxc3 Qxc3 25. bxc3 Nb6 26. Kf2 Nc4 27. Re2 b5
28. Ra1 a5 29. Kf3 Nb6 30. g4 Re4 31. Bc7 Nc4 32. Bf4 a4 33. h4 Kf7 34. Kf2 Ke7
35. h5 Kd7 36. Raa2 Rc8 37. Kf3 c5 38. Bg3 cxd4 39. cxd4 Kc6 40. Bf4 Rce8 41.
Re1 Rxd4 42. exd4 Rxe1 43. Re2 Rxe2 44. Kxe2 Nxa3 45. g5 fxg5 46. Bxg5 Kd7 47.
f6 gxf6 48. Bxh6 Ke7 49. Bd2 Kf7 50. Kd3 Nc4 51. Bc3 Kg7 0-1

[Event "10. Bayer Open"]
[Site "?"]
[Date "2012.03.21"]
[Round "6"]
[White "Kies, Werner"]
[Black "Baier, Uwe"]
[Result "1-0"]
[WhiteElo "1900"]
[BlackElo "1718"]
[PlyCount "83"]
[EventDate "2012.??.??"]
[SourceDate "2012.01.12"]

1. e4 e5 2. Bc4 Nf6 3. d3 Be7 4. Nc3 O-O 5. f4 d6 6. Nf3 Nc6 7. a3 a6 8. f5 b5
9. Ba2 Bb7 10. O-O Qb8 11. b4 Qa7+ 12. Kh1 Nd4 13. h3 Nxf3 14. Qxf3 c6 15. g4
Kh8 16. g5 Ne8 17. Be3 Qb8 18. h4 Qd8 19. Rg1 Nc7 20. Raf1 Qd7 21. h5 d5 22.
Bc1 a5 23. bxa5 Rxa5 24. f6 Bd8 25. Bb3 Ne6 26. Rg2 Nd4 27. Qg3 Nxb3 28. cxb3
Bc7 29. Qh4 Bd8 30. fxg7+ Kxg7 31. Qg3 Qe8 32. Rf5 Bc7 33. Rgf2 Bc8 34. Rf6 Be6
35. g6 hxg6 36. hxg6 Rh8+ 37. Kg2 fxg6 38. Rf1 Rh3 39. Qf2 Rxd3 40. Rh1 Bd6 41.
Qh4 Ra7 42. Bg5 1-0

[Event "10. Bayer Open"]
[Site "?"]
[Date "2012.03.21"]
[Round "6"]
[White "Schimpf, Rolf"]
[Black "Decker, Andreas"]
[Result "1-0"]
[WhiteElo "1676"]
[BlackElo "1808"]
[PlyCount "55"]
[EventDate "2012.??.??"]
[SourceDate "2012.01.12"]

1. c4 e5 2. Nc3 Bc5 3. g3 Nf6 4. Bg2 O-O 5. e3 Re8 6. Nge2 c6 7. O-O d5 8. cxd5
cxd5 9. d4 Bb6 10. dxe5 Rxe5 11. Na4 Bc7 12. b3 Bd7 13. Nc5 Bc6 14. Bb2 Re8 15.
Rc1 Ne4 16. Qc2 Nxc5 17. Qxc5 Nd7 18. Qc2 Nf6 19. Rfd1 Be5 20. Bxe5 Rxe5 21.
Qb2 Qe7 22. Nd4 Rc8 23. Bh3 Rc7 24. Rc2 Rh5 25. Bg2 a6 26. Rdc1 Qd7 27. b4 h6
28. a4 1-0

[Event "10. Bayer Open"]
[Site "?"]
[Date "2012.03.21"]
[Round "6"]
[White "Liebsch, Felix"]
[Black "Vitz, Hans-Joachim"]
[Result "0-1"]
[WhiteElo "1708"]
[BlackElo "1796"]
[PlyCount "72"]
[EventDate "2012.??.??"]
[SourceDate "2012.01.12"]

1. e4 e5 2. Nf3 Nf6 3. Nc3 Bb4 4. Bc4 O-O 5. Nxe5 Qe7 6. Nxf7 Bxc3 7. Nh6+ Kh8
8. Nf7+ Rxf7 9. Bxf7 Qxf7 10. dxc3 Nxe4 11. O-O d5 12. c4 Be6 13. Be3 Nc6 14.
cxd5 Bxd5 15. f3 Nf6 16. Qd2 Rd8 17. Qc3 Be6 18. Rfd1 Nd5 19. Qe1 Nxe3 20.
Rxd8+ Nxd8 21. Qxe3 Nc6 22. Re1 Bd7 23. b3 h6 24. c4 a6 25. a3 Qf6 26. Rd1 Bf5
27. b4 Ne5 28. Qc5 Nd3 29. Qe3 Qc3 30. Qe8+ Kh7 31. Qd8 Qc2 32. Rf1 Qxc4 33. h4
Qf4 34. Qe7 Qg3 35. h5 Nf4 36. Rf2 Nh3+ 0-1

[Event "10. Bayer Open"]
[Site "?"]
[Date "2012.03.21"]
[Round "6"]
[White "Düxmann, Marcel"]
[Black "Birnkott, Manfred"]
[Result "1/2-1/2"]
[WhiteElo "1660"]
[BlackElo "1850"]
[PlyCount "56"]
[EventDate "2012.??.??"]
[SourceDate "2012.01.12"]

1. d4 d5 2. c4 e6 3. e3 Nf6 4. Nf3 a6 5. b3 c5 6. Be2 Nc6 7. O-O Bd6 8. dxc5
Bxc5 9. Bb2 O-O 10. Nbd2 Qe7 11. Ne5 Nxe5 12. Bxe5 Rd8 13. Qc2 Bb4 14. Nf3 Ne4
15. Rfd1 Ng5 16. Nxg5 Qxg5 17. f4 Qe7 18. Bf3 f6 19. Bb2 Qc7 20. Rac1 Bc5 21.
Bd4 Bxd4 22. Rxd4 dxc4 23. Qxc4 Qb6 24. Rxd8+ Qxd8 25. Rd1 Qb6 26. Qd4 Qxd4 27.
Rxd4 Kf7 28. Rd8 Rb8 1/2-1/2

[Event "10. Bayer Open"]
[Site "?"]
[Date "2012.03.21"]
[Round "6"]
[White "Wolff, Michael"]
[Black "Themm, Rainer"]
[Result "0-1"]
[WhiteElo "1835"]
[BlackElo "1753"]
[PlyCount "70"]
[EventDate "2012.??.??"]
[SourceDate "2012.01.12"]

1. e4 e5 2. f4 exf4 3. Nf3 g5 4. h4 g4 5. Ne5 Nf6 6. d4 d6 7. Nd3 Nxe4 8. Qe2
Qe7 9. Bxf4 Nc6 10. c3 Nf6 11. Nd2 Bf5 12. O-O-O Qxe2 13. Bxe2 Nd5 14. Rde1
O-O-O 15. Rhf1 f6 16. Bh2 Bxd3 17. Bxd3 Bh6 18. Bf5+ Kb8 19. Bxg4 Ne3 20. Rxe3
Bxe3 21. Rxf6 Rhf8 22. Rxf8 Rxf8 23. Bf3 Ne7 24. Bg3 Ng6 25. Kc2 Bf4 26. Bf2
Bh6 27. Nf1 Rf4 28. h5 Nh4 29. Be3 Rf6 30. Bxh6 Nxf3 31. Be3 Ne1+ 32. Kd2 Rxf1
33. Ke2 Rh1 34. Bf2 Nxg2 35. Kf3 Ne1+ 0-1

[Event "10. Bayer Open"]
[Site "?"]
[Date "2012.03.21"]
[Round "6"]
[White "Meyer, Stefan"]
[Black "Bießner, Eberhard"]
[Result "0-1"]
[WhiteElo "1662"]
[BlackElo "1750"]
[PlyCount "52"]
[EventDate "2012.??.??"]
[SourceDate "2012.01.12"]

1. d4 Nf6 2. c4 e6 3. Nc3 Bb4 4. Nf3 b6 5. g3 Bb7 6. Bg2 O-O 7. O-O c5 8. Nb5
cxd4 9. Bf4 Ne4 10. a3 Be7 11. Nc7 d6 12. Nxa8 e5 13. Bc1 Bxa8 14. Nd2 f5 15.
Nxe4 fxe4 16. Qc2 d5 17. cxd5 Qxd5 18. f4 exf3 19. Rxf3 Rxf3 20. Bxf3 e4 21.
Bg2 Bc5 22. Kh1 Qf5 23. b4 d3 24. exd3 exd3 25. Qc4+ Kh8 26. bxc5 Qf1# 0-1